Literature - British | 3 | 8 | 0 | 0 | 125 | 40 | 87.00 | 0 | 1 |
RMP - Philosophy | 3 | 5 | 0 | 0 | 95 | 44 | 69.50 | 1 | 4 |
Science - Chemistry | 0 | 8 | 0 | 0 | 80 | 75 | 91.00 | 0 | 0 |
Literature - European | 2 | 5 | 0 | 0 | 80 | 66 | 85.14 | 0 | 0 |
Science - Biology | 2 | 5 | 0 | 0 | 80 | 56 | 89.71 | 0 | 0 |
Literature - American | 2 | 4 | 0 | 0 | 70 | 57 | 92.83 | 0 | 0 |
Other - Other Academic and General Knowledge | 2 | 4 | 0 | 0 | 70 | 40 | 75.83 | 0 | 2 |
Literature - World and Miscellaneous | 2 | 4 | 0 | 0 | 70 | 41 | 92.33 | 1 | 1 |
History - World | 1 | 4 | 0 | 0 | 55 | 40 | 85.40 | 0 | 1 |
RMP - World Mythology | 3 | 1 | 0 | 0 | 55 | 46 | 60.50 | 0 | 0 |
RMP - Greco-Roman Mythology | 1 | 2 | 0 | 0 | 35 | 49 | 101.33 | 0 | 0 |
Social Science - Psychology | 2 | 0 | 0 | 0 | 30 | 30 | 42.50 | 0 | 0 |
History - American | 0 | 3 | 0 | 0 | 30 | 60 | 74.00 | 0 | 0 |
History - Cross, Historiography, and Miscellaneous | 0 | 3 | 0 | 0 | 30 | 67 | 84.00 | 0 | 0 |
History - European | 0 | 3 | 0 | 0 | 30 | 80 | 82.67 | 0 | 0 |
Geography - World | 1 | 1 | 0 | 0 | 25 | 34 | 76.50 | 1 | 1 |
Science - Math | 1 | 1 | 0 | 0 | 25 | 66 | 73.50 | 0 | 0 |
Science - Physics | 0 | 2 | 0 | 0 | 20 | 73 | 76.00 | 0 | 0 |
Fine Arts - Miscellaneous | 0 | 2 | 0 | 0 | 20 | 108 | 121.50 | 0 | 0 |
Current Events - World | 0 | 1 | 0 | 0 | 10 | 140 | 140.00 | 0 | 0 |
Science - Computer Science | 0 | 1 | 0 | 0 | 10 | 55 | 55.00 | 0 | 0 |
Science - Earth | 0 | 1 | 0 | 0 | 10 | 78 | 78.00 | 0 | 0 |
Current Events - U.S. | 0 | 1 | 0 | 0 | 10 | 87 | 87.00 | 0 | 0 |
Fine Arts - Sculpture | 0 | 1 | 0 | 0 | 10 | 84 | 84.00 | 0 | 0 |
Fine Arts - Music | 0 | 1 | 0 | 0 | 10 | 84 | 84.00 | 0 | 0 |
Fine Arts - Film | 0 | 1 | 0 | 0 | 10 | 142 | 142.00 | 0 | 0 |
Social Science - Economics | 0 | 1 | 0 | 0 | 10 | 90 | 90.00 | 0 | 0 |
Social Science - Other | 0 | 1 | 0 | 0 | 10 | 114 | 114.00 | 0 | 0 |
RMP - East Asian Religion | 0 | 0 | 0 | 0 | 0 | | 0.00 | 0 | 0 |
Science - Astronomy | 0 | 0 | 0 | 0 | 0 | | 0.00 | 0 | 0 |
RMP - Hinduism | 0 | 0 | 0 | 0 | 0 | | 0.00 | 0 | 0 |